Sastera nusantara warisan dan harapan
| Other Authors: | |
|---|---|
| Format: | Book |
| Published: |
Johor Bahru :
Yayasan Warisan Johor ,
2006
|
| Subjects: |
MARC
| LEADER | 00000cam a2200000 7i4500 | ||
|---|---|---|---|
| 001 | 0000020576 | ||
| 005 | 20080630.0 | ||
| 008 | 080630 | ||
| 090 | 0 | 0 | |a 899.23 |b SAS |
| 245 | 1 | 0 | |a Sastera nusantara warisan dan harapan |c editor Hamzah Hamdani...[et al] |
| 260 | |a Johor Bahru : |b Yayasan Warisan Johor , |c 2006 | ||
| 650 | 0 | |a Malay literature |x Conresses | |
| 650 | 0 | |a Malay literature |x History and criticism |x Congresses | |
| 700 | 0 | |a Zainal Abidin Borhan | |
| 999 | |a 0001028463 |b Book |c REFERENCE |e Perbadanan Perpustakaan Awam Johor | ||